000
00346nam a2200133Ia 4500
008
151001s9999||||xx |||||||||||||| ||und||
100
_a
देव
245
_a
शब्दात
250
_a
1
260
_b
साहित्य अकादमी नई दिल्ली
260
_c
२०१३
300
_a
303
365
_b
21
999
_c
1002442
_d
1002439